书目信息 |
| 题名: |
坦言
|
|
| 作者: | 海男 著 | |
| 分册: | ||
| 出版信息: | 北京 作家出版社 1998.01 |
|
| 页数: | 287页 | |
| 开本: | 32开 | |
| 丛书名: | ||
| 单 册: | ||
| 中图分类: | I247.57 | |
| 科图分类: | ||
| 主题词: | 小说--中国 | |
| 电子资源: | ||
| ISBN: | 7-5063-1368-5 | |
| 000 | 00504nam0 2200193 45 | |
| 001 | 0106150937 | |
| 005 | 20010615091502.7 | |
| 010 | @a7-5063-1368-5@d14.80元 | |
| 100 | @a20010615d1998 km y0chiy0120 ea | |
| 101 | 0 | @achi |
| 105 | @a z 000yy | |
| 200 | 1 | @a坦言@ATan Yan@f海男著@FHai Nan Zhu |
| 210 | @a北京@c作家出版社@d1998.01 | |
| 215 | @a287页@d32开 | |
| 606 | 0 | @a小说@x中国 |
| 690 | @aI247.57@v3 | |
| 701 | 0 | @a海男@4著 |
| 801 | @aCN@bPftUser@c20010615 | |
| 905 | @f5@b347740-744@dI247.57@eH.195 | |
| 坦言/海男著.-北京:作家出版社,1998.01 |
| 287页;32开 |
| ISBN 7-5063-1368-5:14.80元 |
| ● |
| 相关链接 |
|
|
|
正题名:坦言
索取号:I247.57/H.195
 
预约/预借
| 序号 | 登录号 | 条形码 | 馆藏地/架位号 | 状态 | 备注 |
| 1 | 347740 | 203477406 | 社科二线400B/400B社科库 19排4列3层/ [索取号:I247.57/H.195] | 在馆 | |
| 2 | 347741 | 203477415 | 社科二线400B/400B社科库 19排4列3层/ [索取号:I247.57/H.195] | 在馆 | |
| 3 | 347742 | 203477424 | 社科二线422/422社科库 3排2列5层/ [索取号:I247.57/H.195] | 在馆 | |
| 4 | 347743 | 203477433 | 社科二线422/422社科库 15排2列6层/ [索取号:I247.57/H.195] | 在馆 | |
| 5 | 347744 | 203477442 | 社科二线422/422社科库 3排2列5层/ [索取号:I247.57/H.195] | 在馆 |